[Event "DRUGA LIGA SRBIJE-GRUPA VOJVODINA 2018"]
[Site "Novi Sad"]
[Date "2018.11.14"]
[Round "8"]
[Board "1"]
[White "Varga, Zoltan"]
[Black "Csizik, Karoly"]
[Result "1-0"]
[WhiteElo "2444"]
[BlackElo "1932"]
[PlyCount "71"]
[EventDate "2018.11.09"]
[EventType "team"]
[EventRounds "11"]
[EventCountry "SRB"]
[WhiteTeam "S.K. BACKA-PACIR"]
[BlackTeam "S.K. SENTA-SENTA"]

1. d4 Nf6 2. c4 g6 3. Nc3 Bg7 4. e4 d6 5. Bg5 O-O 6. Qd2 Nbd7 7. f3 c6 8. Nh3
Qc7 9. Nf2 a6 10. Rc1 Qa5 11. Be2 b5 12. O-O Re8 13. a3 Rb8 14. b4 Qb6 15. Be3
Qd8 16. Rfd1 Bb7 17. Qa2 Nf8 18. e5 N6d7 19. Ng4 bxc4 20. Bxc4 d5 21. Bf1 Ne6
22. Nh6+ Kf8 23. Qf2 Qb6 24. h4 a5 25. b5 cxb5 26. Nxb5 Ba6 27. a4 Rec8 28. Rb1
Qd8 29. h5 Rb6 30. hxg6 hxg6 31. Ng4 Nc7 32. Qd2 Bxb5 33. axb5 Ra8 34. Rdc1 a4
35. Qc3 Rb7 36. Qc6  1-0

[Event "DRUGA LIGA SRBIJE-GRUPA VOJVODINA 2018"]
[Site "Novi Sad"]
[Date "2018.11.14"]
[Round "8"]
[Board "2"]
[White "Balla, Tamas-Kristof"]
[Black "Farkas, Tibor"]
[Result "1/2-1/2"]
[WhiteElo "2318"]
[BlackElo "2310"]
[PlyCount "117"]
[EventDate "2018.11.09"]
[EventType "team"]
[EventRounds "11"]
[EventCountry "SRB"]
[WhiteTeam "S.K. SENTA-SENTA"]
[BlackTeam "S.K. BACKA-PACIR"]

1. f4 d5 2. Nf3 g6 3. e3 Bg7 4. c4 Nf6 5. Nc3 O-O 6. d4 c5 7. dxc5 Qa5 8. Bd2
dxc4 9. Bxc4 Qxc5 10. Qe2 Nc6 11. a3 Bg4 12. b4 Qh5 13. O-O e5 14. h3 Bxf3 15.
Qxf3 Qxf3 16. Rxf3 exf4 17. Rxf4 Rad8 18. Be1 Ne5 19. Be2 Nd3 20. Rd4 Nxe1 21.
Rxe1 Bh6 22. Rd3 Rxd3 23. Bxd3 Rc8 24. Nb1 Rc1 25. Kf2 Rxe1 26. Kxe1 Bxe3 27.
Ke2 Bd4 28. Bc4 h5 29. Kd3 Be5 30. Nd2 Kg7 31. Ne4 Ne8 32. Bd5 b6 33. Bc6 Nc7
34. Kc4 f5 35. Ng5 Kf6 36. Nh7+ Ke7 37. Ng5 Bf6 38. Nf3 Kd6 39. b5 h4 40. Ne1
a6 41. a4 a5 42. Nd3 g5 43. Bb7 Kd7 44. Bc6+ Ke6 45. Bb7 Be5 46. Bc8+ Kf6 47.
Bd7 Bh2 48. Kd4 Bg1+ 49. Kc4 Be3 50. Bc8 Ne6 51. Kd5 Nf4+ 52. Nxf4 Bxf4 53. Bd7
Be3 54. Bc8 Bf2 55. Bd7 Bc5 56. Bc8 g4 57. hxg4 f4 58. Ke4 Kg5 59. Kf3  1/2-1/2

[Event "DRUGA LIGA SRBIJE-GRUPA VOJVODINA 2018"]
[Site "Novi Sad"]
[Date "2018.11.14"]
[Round "8"]
[Board "3"]
[White "Arbutina, Sinisa"]
[Black "Kopasz, Robert"]
[Result "1/2-1/2"]
[WhiteElo "2325"]
[BlackElo "2320"]
[PlyCount "77"]
[EventDate "2018.11.09"]
[EventType "team"]
[EventRounds "11"]
[EventCountry "SRB"]
[WhiteTeam "S.K. BACKA-PACIR"]
[BlackTeam "S.K. SENTA-SENTA"]

1. d4 g6 2. c4 Bg7 3. Nc3 d6 4. e4 Nd7 5. Be3 e5 6. Qd2 exd4 7. Bxd4 Ngf6 8.
Nh3 O-O 9. Be2 Nc5 10. Bxc5 dxc5 11. Qxd8 Rxd8 12. Nf4 c6 13. Nd3 b6 14. O-O-O
Rd4 15. f3 Be6 16. b3 Rad8 17. Kc2 Nd7 18. Rhe1 Nf8 19. Bf1 Bc8 20. Ne2 R4d6
21. Ndf4 f5 22. Rxd6 Rxd6 23. Rd1 Rxd1 24. Kxd1 fxe4 25. fxe4 g5 26. Nd3 Ne6
27. Ng3 Nd4 28. Be2 Kf7 29. Bh5+ Ke7 30. h3 Be6 31. Kd2 a5 32. Bg4 Bf7 33. Nf5+
Nxf5 34. Bxf5 h5 35. e5 a4 36. g4 h4 37. Ke3 axb3 38. axb3 b5 39. e6  1/2-1/2

[Event "DRUGA LIGA SRBIJE-GRUPA VOJVODINA 2018"]
[Site "Novi Sad"]
[Date "2018.11.14"]
[Round "8"]
[Board "4"]
[White "Simonyi, Zoltan"]
[Black "Ivic, Matija"]
[Result "0-1"]
[WhiteElo "2208"]
[BlackElo "2291"]
[PlyCount "114"]
[EventDate "2018.11.09"]
[EventType "team"]
[EventRounds "11"]
[EventCountry "SRB"]
[WhiteTeam "S.K. SENTA-SENTA"]
[BlackTeam "S.K. BACKA-PACIR"]

1. d4 Nf6 2. c4 e6 3. Nc3 Bb4 4. Nf3 c5 5. d5 b5 6. Bg5 h6 7. Bxf6 Qxf6 8. Rc1
Bxc3+ 9. Rxc3 b4 10. Rc2 e5 11. e4 d6 12. Nd2 O-O 13. Bd3 Nd7 14. Nf1 Qg5 15.
f3 Rb8 16. Re2 Nf6 17. Ng3 h5 18. Qd2 Qh4 19. O-O g6 20. Qh6 Qf4 21. Qxf4 exf4
22. Nh1 Nd7 23. Nf2 b3 24. a3 Ne5 25. Rc1 g5 26. Ree1 Kg7 27. Be2 Ba6 28. Rc3
Kf6 29. Rec1 Rb7 30. Nd3 Rbb8 31. Kf2 Nxd3+ 32. Rxd3 Ke5 33. Rdd1 Rg8 34. Rg1
f6 35. Rgd1 Rb6 36. Bf1 Bc8 37. Rc3 a5 38. Rdd3 a4 39. Rd1 Rb7 40. h3 g4 41.
hxg4 hxg4 42. Rcd3 g3+ 43. Ke2 Rh7 44. Kd2 Rh1 45. Kc3 Rg1 46. Re1 Rh8 47. Rdd1
Rh2 48. Kd3 Rhh1 49. Kd2 Rh2 50. Kd3 Bd7 51. Kc3 Be8 52. Kd3 Bh5 53. Ke2 Rgxg2+
54. Bxg2 Rxg2+ 55. Kd3 Bxf3 56. Rd2 Rxd2+ 57. Kxd2 Kd4  0-1

[Event "DRUGA LIGA SRBIJE-GRUPA VOJVODINA 2018"]
[Site "Novi Sad"]
[Date "2018.11.14"]
[Round "8"]
[Board "5"]
[White "Marjanusic, Vladimir"]
[Black "Vranic, Ljubomir"]
[Result "1/2-1/2"]
[WhiteElo "2197"]
[BlackElo "2227"]
[PlyCount "47"]
[EventDate "2018.11.09"]
[EventType "team"]
[EventRounds "11"]
[EventCountry "SRB"]
[WhiteTeam "S.K. BACKA-PACIR"]
[BlackTeam "S.K. SENTA-SENTA"]

1. e4 d6 2. d4 Nf6 3. Nc3 g6 4. Be3 Bg7 5. Qd2 O-O 6. O-O-O c6 7. Bh6 b5 8.
Bxg7 Kxg7 9. Bd3 e5 10. dxe5 dxe5 11. Nf3 Nbd7 12. h4 h5 13. Ng5 Qe7 14. f3 Nc5
15. Ne2 a5 16. Kb1 Bd7 17. Nc1 Rfd8 18. Be2 Be8 19. Qe3 Na4 20. Rhf1 Rxd1 21.
Rxd1 Rd8 22. Rxd8 Qxd8 23. b3 Nb6 24. Qc5  1/2-1/2

[Event "DRUGA LIGA SRBIJE-GRUPA VOJVODINA 2018"]
[Site "Novi Sad"]
[Date "2018.11.14"]
[Round "8"]
[Board "6"]
[White "Nagy, Attila N"]
[Black "Jesenski, Tibor"]
[Result "1/2-1/2"]
[WhiteElo "2241"]
[BlackElo "2290"]
[PlyCount "32"]
[EventDate "2018.11.09"]
[EventType "team"]
[EventRounds "11"]
[EventCountry "SRB"]
[WhiteTeam "S.K. SENTA-SENTA"]
[BlackTeam "S.K. BACKA-PACIR"]

1. Nf3 Nf6 2. d4 c5 3. c4 g6 4. e3 Bg7 5. Nc3 O-O 6. Be2 b6 7. O-O Nc6 8. d5
Na5 9. Rb1 d6 10. e4 e5 11. dxe6 Bxe6 12. b3 Nc6 13. Bb2 Re8 14. h3 Qd7 15. Re1
Rad8 16. Bf1 Nh5  1/2-1/2

[Event "DRUGA LIGA SRBIJE-GRUPA VOJVODINA 2018"]
[Site "Novi Sad"]
[Date "2018.11.14"]
[Round "8"]
[Board "1"]
[White "Budisavljevic, Luka"]
[Black "Grigoryan, Karen H."]
[Result "0-1"]
[WhiteElo "2344"]
[BlackElo "2542"]
[PlyCount "126"]
[EventDate "2018.11.09"]
[EventType "team"]
[EventRounds "11"]
[EventCountry "SRB"]
[WhiteTeam "S.K. VOJVODINA-NOVI SAD"]
[BlackTeam "S.K. NAFTAGAS-ELEMIR"]

1. d4 g6 2. c4 Bg7 3. Nc3 d6 4. e4 Nf6 5. Nf3 O-O 6. Be2 Bg4 7. O-O Nfd7 8. h3
Bxf3 9. Bxf3 Nc6 10. Be3 e5 11. d5 Nd4 12. Bxd4 exd4 13. Nb5 a6 14. Nxd4 Qf6
15. Nb3 Qxb2 16. Qc1 Qf6 17. Rb1 b6 18. a4 h5 19. Qe3 Rfe8 20. g3 h4 21. Bg2
hxg3 22. Qxg3 Qc3 23. Qxc3 Bxc3 24. f4 Kg7 25. Kf2 Nf6 26. Ke3 Bb4 27. Kd3 a5
28. Bf3 Rh8 29. Rh1 Rh4 30. Ke3 Re8 31. Rbf1 Kh7 32. Kd3 Rxf4 33. Bg2 Rxf1 34.
Rxf1 Kg7 35. Rh1 Nh5 36. Bf3 Nf6 37. h4 Rh8 38. Be2 Nd7 39. Kd4 Bc5+ 40. Kd3
Ne5+ 41. Kc3 Be3 42. h5 Nd7 43. Bf3 Bf4 44. hxg6 Rxh1 45. Bxh1 fxg6 46. Bg2 g5
47. Bh3 Nf6 48. Kd3 g4 49. Bg2 Be5 50. Nc1 Nd7 51. Nb3 Kf6 52. Ke3 Kg5 53. Bf1
Bf4+ 54. Kf2 g3+ 55. Kg2 Be5 56. Kf3 Nf8 57. Bh3 Ng6 58. Nd2 Nh4+ 59. Ke2 Kf4
60. Kf1 Ke3 61. Nb1 Bb2 62. Bf5 g2+ 63. Kg1 Bd4  0-1

[Event "DRUGA LIGA SRBIJE-GRUPA VOJVODINA 2018"]
[Site "Novi Sad"]
[Date "2018.11.14"]
[Round "8"]
[Board "2"]
[White "Ratkovic, Miloje"]
[Black "Grujic, Zoran"]
[Result "1-0"]
[WhiteElo "2403"]
[BlackElo "2329"]
[PlyCount "85"]
[EventDate "2018.11.09"]
[EventType "team"]
[EventRounds "11"]
[EventCountry "SRB"]
[WhiteTeam "S.K. NAFTAGAS-ELEMIR"]
[BlackTeam "S.K. VOJVODINA-NOVI SAD"]

1. d4 Nf6 2. Nf3 g6 3. Bg5 Bg7 4. c3 d6 5. Nbd2 O-O 6. e3 c5 7. Be2 b6 8. O-O
Bb7 9. a4 a6 10. Nc4 Nbd7 11. Nfd2 Qc7 12. Bf3 h6 13. Bh4 Rfe8 14. Re1 Bc6 15.
h3 b5 16. Na3 Rab8 17. axb5 axb5 18. Nc2 Ra8 19. Qe2 e5 20. Bxc6 Qxc6 21. dxc5
dxc5 22. c4 b4 23. Bxf6 Bxf6 24. e4 Rxa1 25. Rxa1 Ra8 26. Rb1 Nf8 27. Ne3 Ne6
28. Nd5 Nd4 29. Qd3 Kg7 30. Nb3 Ne6 31. Qd1 Bg5 32. Ra1 Ra4 33. g3 Qa6 34. Rb1
Qxc4 35. Nb6 Qb5 36. Nxa4 Qxa4 37. Ra1 Qb5 38. h4 Be7 39. Ra7 Bf8 40. Qd5 Kf6
41. Nd2 Qe8 42. Nc4 Qb8 43. Qd7  1-0

[Event "DRUGA LIGA SRBIJE-GRUPA VOJVODINA 2018"]
[Site "Novi Sad"]
[Date "2018.11.14"]
[Round "8"]
[Board "3"]
[White "Savanovic, Vuk"]
[Black "Ratkovic, Milovan"]
[Result "1/2-1/2"]
[WhiteElo "2272"]
[BlackElo "2411"]
[PlyCount "34"]
[EventDate "2018.11.09"]
[EventType "team"]
[EventRounds "11"]
[EventCountry "SRB"]
[WhiteTeam "S.K. VOJVODINA-NOVI SAD"]
[BlackTeam "S.K. NAFTAGAS-ELEMIR"]

1. e4 c6 2. d4 d5 3. Nc3 dxe4 4. Nxe4 Bf5 5. Ng3 Bg6 6. Bc4 e6 7. N1e2 Bd6 8.
h4 h6 9. Nf4 Bxf4 10. Bxf4 Nf6 11. h5 Bh7 12. c3 Nbd7 13. O-O O-O 14. a4 Nb6
15. Bd3 Bxd3 16. Qxd3 Nbd5 17. Bd2 Ng4  1/2-1/2

[Event "DRUGA LIGA SRBIJE-GRUPA VOJVODINA 2018"]
[Site "Novi Sad"]
[Date "2018.11.14"]
[Round "8"]
[Board "4"]
[White "Popov, Sinisa S"]
[Black "Mikheev, Stanislav"]
[Result "1/2-1/2"]
[WhiteElo "2432"]
[BlackElo "2307"]
[PlyCount "43"]
[EventDate "2018.11.09"]
[EventType "team"]
[EventRounds "11"]
[EventCountry "SRB"]
[WhiteTeam "S.K. NAFTAGAS-ELEMIR"]
[BlackTeam "S.K. VOJVODINA-NOVI SAD"]

1. d4 Nf6 2. Nf3 g6 3. g3 Bg7 4. Bg2 d5 5. O-O O-O 6. c4 c6 7. cxd5 cxd5 8. Nc3
Ne4 9. Nxe4 dxe4 10. Ne5 f6 11. Qb3+ e6 12. Nc4 Nc6 13. Be3 f5 14. Rad1 Rf7 15.
f3 exf3 16. Bxf3 Rd7 17. d5 exd5 18. Bxd5+ Kh8 19. Bxc6 bxc6 20. Rxd7 Qxd7 21.
Rd1 Qe7 22. Bd4  1/2-1/2

[Event "DRUGA LIGA SRBIJE-GRUPA VOJVODINA 2018"]
[Site "Novi Sad"]
[Date "2018.11.14"]
[Round "8"]
[Board "5"]
[White "Djacanin, Goran"]
[Black "Besedes, Danilo"]
[Result "0-1"]
[WhiteElo "2186"]
[BlackElo "2290"]
[PlyCount "118"]
[EventDate "2018.11.09"]
[EventType "team"]
[EventRounds "11"]
[EventCountry "SRB"]
[WhiteTeam "S.K. VOJVODINA-NOVI SAD"]
[BlackTeam "S.K. NAFTAGAS-ELEMIR"]

1. e4 e6 2. d4 d5 3. e5 c5 4. c3 Nc6 5. Nf3 Nge7 6. a3 Ng6 7. b4 cxd4 8. cxd4
Be7 9. Nc3 O-O 10. Bd3 f6 11. Ne2 fxe5 12. Bxg6 e4 13. Ne5 Nxe5 14. Bxh7+ Kxh7
15. dxe5 Bg5 16. h4 Bxc1 17. Rxc1 Bd7 18. Nd4 Rc8 19. Qh5+ Kg8 20. O-O Qb6 21.
Rxc8 Rxc8 22. Nb3 Bb5 23. Re1 Rf8 24. Nc5 Be8 25. Qg5 Rf7 26. Re3 Qc6 27. Rg3
b6 28. Nb3 Qc2 29. Qe3 Qd1+ 30. Kh2 Qh5 31. Rg5 Qxh4+ 32. Kg1 Rf4 33. g3 Qxg5
34. Qxf4 Qh5 35. g4 Qh4 36. Nd4 Bf7 37. Nb5 Bh5 38. Nxa7 Bxg4 39. Nc6 Qh5 40.
Ne7+ Kh7 41. Qf8 Qxe5 42. Qh8+ Kxh8 43. Ng6+ Kg8 44. Nxe5 Bd1 45. Kf1 Ba4 46.
Ke2 d4 47. Kd2 Bb5 48. a4 Bxa4 49. Nc4 b5 50. Nd6 e5 51. Nxe4 Kf7 52. Kd3 Ke6
53. f4 exf4 54. Kxd4 Kf5 55. Nc3 g5 56. Nxa4 bxa4 57. b5 Ke6 58. Kc5 Kd7 59.
Kb4 f3  0-1

[Event "DRUGA LIGA SRBIJE-GRUPA VOJVODINA 2018"]
[Site "Novi Sad"]
[Date "2018.11.14"]
[Round "8"]
[Board "6"]
[White "Adamov, Ivan"]
[Black "Ilincic, Aleksa"]
[Result "1/2-1/2"]
[WhiteElo "2126"]
[BlackElo "2178"]
[PlyCount "103"]
[EventDate "2018.11.09"]
[EventType "team"]
[EventRounds "11"]
[EventCountry "SRB"]
[WhiteTeam "S.K. NAFTAGAS-ELEMIR"]
[BlackTeam "S.K. VOJVODINA-NOVI SAD"]

1. e4 c6 2. d4 d5 3. e5 Bf5 4. h4 h5 5. Bd3 Bxd3 6. Qxd3 Qa5+ 7. c3 Qa6 8. Qf3
e6 9. Bg5 c5 10. Ne2 Nc6 11. Nd2 Nge7 12. O-O Nf5 13. Nb3 Qb6 14. Nf4 g6 15.
dxc5 Qc7 16. Bf6 Bg7 17. Rfe1 Bxf6 18. exf6 O-O-O 19. g3 Rd7 20. Nh3 Qd8 21.
Rad1 e5 22. a4 Re8 23. Ng5 e4 24. Qf4 Qxf6 25. Nd4 Qe5 26. Qxe5 Nxe5 27. Nxf5
gxf5 28. Kf1 Red8 29. Nh3 Nd3 30. Re2 Nxc5 31. Nf4 Nxa4 32. Nxh5 Nc5 33. Nf4
Ne6 34. Ng2 f4 35. gxf4 f5 36. Red2 Kc7 37. Ke2 Rg8 38. Kf1 Rdg7 39. f3 exf3
40. Ne3 Nxf4 41. Nxd5+ Nxd5 42. Rxd5 Rg2 43. R1d2 a6 44. b3 Rg1+ 45. Kf2 R1g3
46. Rxf5 Rg2+ 47. Ke1 Re8+ 48. Kd1 Rg1+ 49. Kc2 Rf1 50. Rf4 Rh1 51. Rxf3 Rxh4
52. Rf7+  1/2-1/2

[Event "DRUGA LIGA SRBIJE-GRUPA VOJVODINA 2018"]
[Site "Novi Sad"]
[Date "2018.11.15"]
[Round "9"]
[Board "1"]
[White "Csizik, Karoly"]
[Black "Budisavljevic, Luka"]
[Result "1/2-1/2"]
[WhiteElo "1932"]
[BlackElo "2344"]
[PlyCount "72"]
[EventDate "2018.11.09"]
[EventType "team"]
[EventRounds "11"]
[EventCountry "SRB"]
[WhiteTeam "S.K. SENTA-SENTA"]
[BlackTeam "S.K. VOJVODINA-NOVI SAD"]

1. e4 c5 2. Nf3 e6 3. d4 cxd4 4. Nxd4 a6 5. Nc3 b5 6. Bd3 Qb6 7. Nf3 Qc7 8. O-O
Bb7 9. Re1 Bc5 10. Be3 Bxe3 11. Rxe3 Nc6 12. a3 Nge7 13. Qd2 O-O 14. Rd1 Ng6
15. Bf1 Nce5 16. Nxe5 Nxe5 17. Rg3 f6 18. f4 Ng6 19. Qxd7 Qb6+ 20. Qd4 Qxd4+
21. Rxd4 Nxf4 22. a4 bxa4 23. Nxa4 Rac8 24. Rc3 Rxc3 25. Nxc3 a5 26. g3 Ng6 27.
Bc4 Re8 28. Rd7 Bc8 29. Ra7 Ne5 30. Bb5 Rd8 31. Ra8 Kf7 32. Ba6 Rd2 33. Rxc8
Nf3+ 34. Kf1 Nxh2+ 35. Ke1 Nf3+ 36. Kf1 Nh2+  1/2-1/2

[Event "DRUGA LIGA SRBIJE-GRUPA VOJVODINA 2018"]
[Site "Novi Sad"]
[Date "2018.11.15"]
[Round "9"]
[Board "2"]
[White "Grujic, Zoran"]
[Black "Balla, Tamas-Kristof"]
[Result "1-0"]
[WhiteElo "2329"]
[BlackElo "2318"]
[PlyCount "127"]
[EventDate "2018.11.09"]
[EventType "team"]
[EventRounds "11"]
[EventCountry "SRB"]
[WhiteTeam "S.K. VOJVODINA-NOVI SAD"]
[BlackTeam "S.K. SENTA-SENTA"]

1. Nf3 c5 2. c4 Nc6 3. d4 cxd4 4. Nxd4 e6 5. Nc3 Nf6 6. a3 Qc7 7. e4 a6 8. Be3
b6 9. Rc1 Bb7 10. f3 Ne5 11. b4 d6 12. Qd2 Be7 13. Na4 Nfd7 14. Be2 O-O 15. O-O
Rfe8 16. Rfd1 Rac8 17. Bf1 Qb8 18. Nb3 Bc6 19. Nb2 Kh8 20. a4 g5 21. a5 b5 22.
Nd4 bxc4 23. Nxc4 Ba4 24. Re1 Nxc4 25. Bxc4 d5 26. Bxa6 Bxb4 27. Qe2 Bxe1 28.
Bxc8 Bxa5 29. Bxd7 Bxd7 30. Qa2 Bc7 31. Bxg5 Bxh2+ 32. Kh1 Be5 33. Qd2 dxe4 34.
fxe4 Qd6 35. Rd1 Ba4 36. Nf3 Qxd2 37. Rxd2 Bg7 38. Rd6 Bc2 39. e5 Be4 40. Bf4
h6 41. Kh2 Kh7 42. Rd7 Bxf3 43. gxf3 Kg6 44. Bg3 Bf8 45. Kg2 Be7 46. f4 Kf5 47.
Kf3 h5 48. Rb7 Kg6 49. Ke4 Bc5 50. Rc7 Bf8 51. Bh4 Rb8 52. Rd7 Rb4+ 53. Kf3 Bh6
54. Bg3 Rb3+ 55. Kf2 h4 56. f5+ exf5 57. Bxh4 Bf4 58. Bf6 Bg3+ 59. Kg2 Re3 60.
Rd8 f4 61. Rg8+ Kf5 62. Rg7 Re2+ 63. Kf1 Ke4 64. Kxe2  1-0

[Event "DRUGA LIGA SRBIJE-GRUPA VOJVODINA 2018"]
[Site "Novi Sad"]
[Date "2018.11.15"]
[Round "9"]
[Board "3"]
[White "Kopasz, Robert"]
[Black "Savanovic, Vuk"]
[Result "1/2-1/2"]
[WhiteElo "2320"]
[BlackElo "2272"]
[PlyCount "142"]
[EventDate "2018.11.09"]
[EventType "team"]
[EventRounds "11"]
[EventCountry "SRB"]
[WhiteTeam "S.K. SENTA-SENTA"]
[BlackTeam "S.K. VOJVODINA-NOVI SAD"]

1. c4 Nf6 2. Nc3 c5 3. g3 g6 4. Bg2 Bg7 5. e3 O-O 6. Nge2 d6 7. O-O Nc6 8. h3
Bd7 9. d4 Rb8 10. b3 a6 11. Bb2 b5 12. cxb5 axb5 13. Qd2 c4 14. bxc4 bxc4 15.
Rab1 Qa5 16. Ba1 Nb4 17. Nf4 e6 18. Rb2 e5 19. dxe5 dxe5 20. Nfd5 Nbxd5 21.
Nxd5 Qxd2 22. Ne7+ Kh8 23. Rxd2 Rb5 24. f4 Be6 25. Bxe5 Ng8 26. Nc6 c3 27. Rc2
Rb2 28. Rff2 Bxe5 29. Nxe5 Bxa2 30. Rxb2 cxb2 31. Rxb2 Be6 32. Nc6 Nf6 33. Rb8
Rxb8 34. Nxb8 Kg7 35. Na6 Nd7 36. e4 f6 37. Kf2 h6 38. Ke3 g5 39. Nc7 Bf7 40.
Kd4 Nf8 41. Nb5 Ng6 42. Ke3 gxf4+ 43. gxf4 Bc4 44. Nd6 Nh4 45. Bf3 Bg8 46. f5
Nxf3 47. Kxf3 Bb3 48. Kf4 Kf8 49. Ke3 Ke7 50. Nb5 Bc4 51. Nc3 Bf1 52. h4 Bc4
53. Kd4 Bb3 54. Nd5+ Kf7 55. Ne3 Ba4 56. Ng4 Kg7 57. e5 fxe5+ 58. Kxe5 Bb3 59.
f6+ Kg6 60. Ne3 Bf7 61. Nf5 Kh5 62. Kd6 Bg6 63. Ke7 Kg4 64. Nxh6+ Kxh4 65. Kf8
Bc2 66. Ke7 Bb3 67. Nf5+ Kg5 68. Nd4 Bg8 69. Ne6+ Kf5 70. Nd8 Kg6 71. Nc6 Kf5
 1/2-1/2

[Event "DRUGA LIGA SRBIJE-GRUPA VOJVODINA 2018"]
[Site "Novi Sad"]
[Date "2018.11.15"]
[Round "9"]
[Board "4"]
[White "Djacanin, Goran"]
[Black "Simonyi, Zoltan"]
[Result "1-0"]
[WhiteElo "2186"]
[BlackElo "2208"]
[PlyCount "119"]
[EventDate "2018.11.09"]
[EventType "team"]
[EventRounds "11"]
[EventCountry "SRB"]
[WhiteTeam "S.K. VOJVODINA-NOVI SAD"]
[BlackTeam "S.K. SENTA-SENTA"]

1. e4 e6 2. d4 d5 3. e5 c5 4. c3 Qb6 5. Nf3 Bd7 6. a3 a5 7. Bd3 Bb5 8. c4 dxc4
9. Be4 cxd4 10. Nxd4 Bd7 11. Be3 Qc7 12. Nc3 Nc6 13. Ndb5 Qxe5 14. f4 Qb8 15.
Bb6 Nf6 16. Nc7+ Ke7 17. Qd2 Ra6 18. Nxa6 bxa6 19. Bc5+ Ke8 20. Bxf8 Rxf8 21.
O-O-O Qc7 22. Qd6 Qxd6 23. Rxd6 Nb8 24. Rd4 Nxe4 25. Rxe4 Bc6 26. Rxc4 Ke7 27.
Re1 Bxg2 28. Rg1 Bh3 29. Rxg7 Bf5 30. Rg3 Rd8 31. Ne4 Rd5 32. Rgc3 Nd7 33. Ng3
Bd3 34. Rc7 a4 35. Kd2 Bb5+ 36. Ke3 Kf6 37. Ne4+ Kf5 38. Nc5 Nb6 39. Rxf7+ Kg6
40. Re7 Nc4+ 41. Rxc4 Bxc4 42. Rxe6+ Kf7 43. Rc6 Bb5 44. Rc7+ Kg6 45. Nxa6 Rh5
46. Nb4 Rxh2 47. Rc5 Bd7 48. Nd3 Bf5 49. Ne5+ Kf6 50. Rc6+ Ke7 51. Rb6 Bc2 52.
Nf3 Rh3 53. Kf2 Bd1 54. Ng5 Rh4 55. Nxh7 Rxf4+ 56. Ke1 Bb3 57. Ng5 Kd7 58. Rb4
Rf5 59. Ne4 Rh5 60. Nf6+  1-0

[Event "DRUGA LIGA SRBIJE-GRUPA VOJVODINA 2018"]
[Site "Novi Sad"]
[Date "2018.11.15"]
[Round "9"]
[Board "5"]
[White "Vranic, Ljubomir"]
[Black "Ilincic, Aleksa"]
[Result "1/2-1/2"]
[WhiteElo "2227"]
[BlackElo "2178"]
[PlyCount "84"]
[EventDate "2018.11.09"]
[EventType "team"]
[EventRounds "11"]
[EventCountry "SRB"]
[WhiteTeam "S.K. SENTA-SENTA"]
[BlackTeam "S.K. VOJVODINA-NOVI SAD"]

1. d4 Nf6 2. c4 e6 3. Nf3 b6 4. g3 Bb7 5. Bg2 c5 6. O-O cxd4 7. Nxd4 Bxg2 8.
Kxg2 Qc8 9. b3 Nc6 10. f3 d5 11. cxd5 Nxd5 12. Nxc6 Qxc6 13. e4 Nb4 14. Na3 Bc5
15. Qe2 O-O 16. Bb2 Rfd8 17. Rfd1 Rxd1 18. Qxd1 Qe8 19. Qe2 Rd8 20. Nc4 b5 21.
Ne5 f6 22. a3 Na6 23. Nd3 e5 24. Rd1 Bf8 25. Nf2 Rxd1 26. Qxd1 Qe6 27. b4 Nb8
28. Ng4 Nd7 29. Ne3 Nb6 30. Nd5 Nc4 31. Bc1 Qc6 32. Qd3 Qd6 33. Be3 a6 34. Bc5
Qd8 35. Bxf8 Kxf8 36. h4 h5 37. a4 Qd6 38. Qc3 Qc6 39. axb5 Qxb5 40. Qd3 Nd6
41. Qe3 a5 42. bxa5 Qxa5  1/2-1/2

[Event "DRUGA LIGA SRBIJE-GRUPA VOJVODINA 2018"]
[Site "Novi Sad"]
[Date "2018.11.15"]
[Round "9"]
[Board "6"]
[White "Stikovic, Dobrica"]
[Black "Nagy, Attila N"]
[Result "0-1"]
[WhiteElo "2169"]
[BlackElo "2241"]
[PlyCount "70"]
[EventDate "2018.11.09"]
[EventType "team"]
[EventRounds "11"]
[EventCountry "SRB"]
[WhiteTeam "S.K. VOJVODINA-NOVI SAD"]
[BlackTeam "S.K. SENTA-SENTA"]

1. c4 Nf6 2. Nc3 c5 3. g3 e6 4. Bg2 a6 5. Nf3 Qc7 6. O-O Be7 7. b3 d6 8. Bb2 b6
9. d4 cxd4 10. Nxd4 Bb7 11. e4 Nbd7 12. Re1 Rc8 13. h3 Qb8 14. Qe2 O-O 15. Rad1
Qa8 16. Kh2 Rfd8 17. f4 Nc5 18. Nc2 b5 19. cxb5 axb5 20. Nb4 Ncxe4 21. Nxe4
Nxe4 22. Bxe4 d5 23. Nxd5 exd5 24. Bf5 Bb4 25. Bxc8 Bxe1 26. Qe5 d4 27. Bxd4
Qxa2+ 28. Bb2 Qxb2+ 29. Qxb2 Rxd1 30. Qe5 Rd2+ 31. Kg1 Bf2+ 32. Kf1 Bg2+ 33.
Kxg2 Bd4+ 34. Kf3 Bxe5 35. fxe5 Kf8  0-1

[Event "DRUGA LIGA SRBIJE-GRUPA VOJVODINA 2018"]
[Site "Novi Sad"]
[Date "2018.11.15"]
[Round "9"]
[Board "1"]
[White "Babic, Dusan S"]
[Black "Varga, Zoltan"]
[Result "0-1"]
[WhiteElo "1830"]
[BlackElo "2444"]
[PlyCount "80"]
[EventDate "2018.11.09"]
[EventType "team"]
[EventRounds "11"]
[EventCountry "SRB"]
[WhiteTeam "S.K. BUDUCNOST-SRPSKA CRNJA"]
[BlackTeam "S.K. BACKA-PACIR"]

1. d4 d5 2. Bf4 c5 3. c3 Nc6 4. e3 Nf6 5. Nf3 Qb6 6. Qb3 c4 7. Qxb6 axb6 8.
Nbd2 b5 9. Be2 b4 10. Nb1 Bf5 11. O-O e6 12. Nh4 Bc2 13. Rc1 Bb3 14. a3 bxa3
15. Nxa3 Bxa3 16. bxa3 Kd7 17. Bd1 Bxd1 18. Rxd1 Ne4 19. Rdc1 f6 20. Nf3 Na5
21. Rc2 Nb3 22. Raa2 Ra4 23. Ne1 Rha8 24. f3 Ned2 25. Rab2 g5 26. Bg3 Rxa3 27.
Kf2 Ra1 28. Ke2 Nb1 29. e4 Kc6 30. e5 f5 31. f4 g4 32. Bh4 Kd7 33. Ke3 Na3 34.
Re2 Rd1 35. h3 h5 36. hxg4 hxg4 37. Kf2 b5 38. Nc2 Nb1 39. Ne3 Nxc3 40. Nxd1
Nxd1+  0-1

[Event "DRUGA LIGA SRBIJE-GRUPA VOJVODINA 2018"]
[Site "Novi Sad"]
[Date "2018.11.15"]
[Round "9"]
[Board "2"]
[White "Farkas, Tibor"]
[Black "Obodchuk, Andrei"]
[Result "1/2-1/2"]
[WhiteElo "2310"]
[BlackElo "2319"]
[PlyCount "40"]
[EventDate "2018.11.09"]
[EventType "team"]
[EventRounds "11"]
[EventCountry "SRB"]
[WhiteTeam "S.K. BACKA-PACIR"]
[BlackTeam "S.K. BUDUCNOST-SRPSKA CRNJA"]

1. e4 c5 2. Nf3 e6 3. c4 Nc6 4. Nc3 Nf6 5. Be2 d5 6. exd5 exd5 7. d4 Be6 8.
cxd5 Nxd5 9. Nxd5 Qxd5 10. dxc5 Qxd1+ 11. Bxd1 Bxc5 12. O-O O-O 13. Bd2 Rfd8
14. a3 Nd4 15. Bc3 Nb5 16. Bd2 Bd5 17. Bf4 Nd4 18. Rc1 Bxf3 19. Bxf3 Nxf3+ 20.
gxf3 Bb6  1/2-1/2

[Event "DRUGA LIGA SRBIJE-GRUPA VOJVODINA 2018"]
[Site "Novi Sad"]
[Date "2018.11.15"]
[Round "9"]
[Board "4"]
[White "Kecskemeti, Arpad"]
[Black "Santrac, Bozo"]
[Result "1/2-1/2"]
[WhiteElo "2195"]
[BlackElo "1968"]
[PlyCount "121"]
[EventDate "2018.11.09"]
[EventType "team"]
[EventRounds "11"]
[EventCountry "SRB"]
[WhiteTeam "S.K. BACKA-PACIR"]
[BlackTeam "S.K. BUDUCNOST-SRPSKA CRNJA"]

1. e4 e5 2. Nf3 d6 3. d4 f5 4. dxe5 fxe4 5. Ng5 d5 6. e6 Bc5 7. Qe2 Nc6 8. Qb5
Bb6 9. Nc3 Nf6 10. Bf4 a6 11. Qa4 O-O 12. O-O-O h6 13. h4 hxg5 14. hxg5 Bxe6
15. gxf6 Qxf6 16. g3 Rad8 17. Bh3 Bf7 18. Rd2 Ne5 19. Nxe4 dxe4 20. Qxe4 Ng6
21. Bf5 Rxd2 22. Bxd2 Re8 23. Qg4 Bd4 24. c3 Be5 25. f4 Bd6 26. Bc2 Kf8 27. c4
c5 28. Bc3 Bxf4+ 29. gxf4 Qxf4+ 30. Qxf4 Nxf4 31. Kb1 Ne6 32. Rf1 Nd4 33. Bg6
Re7 34. Bd3 Kg8 35. Bd2 Rd7 36. Be3 b6 37. Rh1 g6 38. Bf4 Re7 39. b3 Re6 40.
Kb2 a5 41. Rh3 Kg7 42. a4 Nf5 43. Bd2 Nd4 44. Bf4 Be8 45. Re3 Kf6 46. Rh3 Nf5
47. Rh7 Bf7 48. Rh8 g5 49. Bc7 g4 50. Bxf5 Kxf5 51. Rf8 Kg6 52. Rb8 Kf5 53.
Rxb6 Re2+ 54. Ka3 Re3 55. Rb5 g3 56. Rxa5 g2 57. Bh2 Re1 58. Rxc5+ Kg6 59. Rc6+
Kg5 60. Rc7 Kg6 61. Rc6+  1/2-1/2